समृद्ध-जीवन / (Record no. 118303)

MARC details
000 -LEADER
fixed length control field 01146nam a22002777a 4500
003 - CONTROL NUMBER IDENTIFIER
control field dpl
005 - DATE AND TIME OF LATEST TRANSACTION
control field 20180710173433.0
008 - FIXED-LENGTH DATA ELEMENTS--GENERAL INFORMATION
fixed length control field 180710b xxu||||| |||| 00| 0 eng d
010 ## - LIBRARY OF CONGRESS CONTROL NUMBER
LC control number B-075410
020 ## - INTERNATIONAL STANDARD BOOK NUMBER
Terms of availability 150.00
035 ## - SYSTEM CONTROL NUMBER
System control number B-075410, B-075414
037 ## - SOURCE OF ACQUISITION
Source of stock number/acquisition Cen Lib/Ret
040 ## - CATALOGING SOURCE
Original cataloging agency DPL
Language of cataloging HN
Transcribing agency 0
082 ## - DEWEY DECIMAL CLASSIFICATION NUMBER
Classification number 158.1
Item number रामला
100 ## - MAIN ENTRY--PERSONAL NAME
Personal name रामलाल विवेक
9 (RLIN) 79356
245 ## - TITLE STATEMENT
Title समृद्ध-जीवन /
Statement of responsibility, etc रामलाल विवेक
246 ## - VARYING FORM OF TITLE
Title proper/short title Samradh jeevan /
Remainder of title by Ramlal Vivek
260 ## - PUBLICATION, DISTRIBUTION, ETC. (IMPRINT)
Place of publication, distribution, etc जयपुर
Name of publisher, distributor, etc गौरव प्रकाशन
Date of publication, distribution, etc 2002
270 ## - ADDRESS
Address 1587, संघी का रास्ता, एस.एम.एस. हाईवे
City जयपुर
Postal code 302003
300 ## - PHYSICAL DESCRIPTION
Extent 128पृ.
Dimensions 21सेमी (सजिल्द)
650 ## - SUBJECT ADDED ENTRY--TOPICAL TERM
Topical term or geographic name as entry element समृद्ध जीवन--उन्नति और सफलता
9 (RLIN) 79357
650 ## - SUBJECT ADDED ENTRY--TOPICAL TERM
Topical term or geographic name as entry element सकारात्मक सोच--विचार
9 (RLIN) 79358
650 ## - SUBJECT ADDED ENTRY--TOPICAL TERM
Topical term or geographic name as entry element Rich life - Growth and Success
9 (RLIN) 79359
650 ## - SUBJECT ADDED ENTRY--TOPICAL TERM
Topical term or geographic name as entry element Positive thinking--Idea
9 (RLIN) 79360
942 ## - ADDED ENTRY ELEMENTS (KOHA)
Source of classification or shelving scheme Dewey Decimal Classification
Koha item type Hindi Books
Classification part 158.1
Call number suffix रामला
Holdings
Withdrawn status Lost status Damaged status Not for loan Home library Current library Date acquired Source of acquisition Cost, normal purchase price Total Checkouts Full call number Barcode Date last seen Date checked out Copy number Cost, replacement price Price effective from Koha item type Source of classification or shelving scheme Collection code
        Central Library Central Library 11/09/2015 Cen Lib/Ret 150.00 2 158.1 रामला B-075410 26/12/2023 16/12/2023 1 150.00 11/09/2015 Hindi Books    
        Shahdara Branch Shahdara Branch 10/07/2018 BPPD/PUB 150.00 2 158.1 रामला B-075414 19/09/2018 05/09/2018   150.00 10/07/2018 Hindi Books Dewey Decimal Classification Non-fiction

© Delhi Public Library
Hit Counter
free hit counter